Entry Nombre personal
001 - NÚMERO DE CONTROL
- campo de control: 159216
003 - IDENTIFICADOR DE NÚMERO DE CONTROL
- campo de control: SpMaBN
005 - FECHA Y HORA DE LA ÚLTIMA TRANSACCIÓN
- campo de control: 20250730143229.0
008 - ELEMENTOS DE DATO DE LONGITUD-FIJA
- campo de control de longitud fija: 901120n| aijnnaabn a aaa
016 ## - NÚMERO DE CONTROL DE UNA AGENCIA BIBLIOGRÁFICA NACIONAL
- Número de control del registro: BNE19900537397
024 8# - IDENTIFICADOR DE OTROS ESTÁNDARES
- Número estándar o código: https://data.cervantesvirtual.com/person/9036
024 7# - IDENTIFICADOR DE OTROS ESTÁNDARES
- Número estándar o código: http://viaf.org/viaf/49235222/
- Fuente: viaf
024 7# - IDENTIFICADOR DE OTROS ESTÁNDARES
- Número estándar o código: https://isni.org/isni/0000000121011911
- Fuente: isni
024 7# - IDENTIFICADOR DE OTROS ESTÁNDARES
- Número estándar o código: http://www.wikidata.org/entity/Q9032958
- Fuente: wikidata
040 ## - FUENTE DE CATALOGACIÓN
- Centro catalogador/agencia de origen: SpMaBN
- Lengua de catalogación: spa
- Centro/agencia transcriptor: SpMaBN
- Normas de descripción: rdc
- Convención/Normas de encabezamiento de materia/tesauro: embne
046 ## - FECHAS CON CODIFICACIÓN ESPECIAL
- Fecha de nacimiento: 1943
100 1# - ENCABEZAMIENTO-NOMBRE DE PERSONA
- Nombre de persona: Ladero Quesada, Miguel Ángel,
- Fechas asociadas al nombre: 1943-
370 ## - LUGAR ASOCIADO
- Lugar de nacimiento: Valladolid, España
- Fuente de información: (Wikidata)
- Número de control del registro de autoridad o número normalizado: XX450812
372 ## - CAMPO DE ACTIVIDAD
- Campo de actividad: Historia Medieval
- Fuente de información: (Dialnet)
373 ## - GRUPO ASOCIADO
- Grupo asociado: Instituto de Estudios Madrileños
- Grupo asociado: Real Academia de la Historia
- Fuente de información: Wikidata
374 ## - OCUPACIÓN
- Ocupación: Escritores
- Ocupación: Profesores
- Ocupación: Historiadores
- Fuente de información: Wikidata
375 ## - GÉNERO/SEXO
- Género: Masculino
- Fuente de información: Wikidata
377 ## - IDIOMA ASOCIADO
- Término de lengua/lenguaje: Español
400 1# - TRAZADO DE VÉASE--NOMBRE DE PERSONA
- Nombre de persona: Ladero, M.,
- Fechas asociadas al nombre: 1943-
400 1# - TRAZADO DE VÉASE--NOMBRE DE PERSONA
- Nombre de persona: Ladero Quesada, Miguel-Ángel,
- Fechas asociadas al nombre: 1943-
670 ## - FUENTE DE DATOS ENCONTRADOS
- Cita de la fuente: Europa medieval y mundo islámico, 2015
- Información encontrada: port. (Miguel Ángel Ladero Quesada) solapa (n. Valladolid, 1943; historiador)
670 ## - FUENTE DE DATOS ENCONTRADOS
- Cita de la fuente: Granada después de la conquista, 1988
- Información encontrada: port. (Miguel Ángel Ladero Quesada)
670 ## - FUENTE DE DATOS ENCONTRADOS
- Cita de la fuente: La ferias de Castilla, 1994
- Información encontrada: port. (Miguel-Ángel Ladero Quesada)
670 ## - FUENTE DE DATOS ENCONTRADOS
- Cita de la fuente: La expulsión de los judíos, 1997
- Información encontrada: port. (M. Ladero)
670 ## - FUENTE DE DATOS ENCONTRADOS
- Cita de la fuente: Judíos y conversos de Castilla en el siglo XV, 2016
- Información encontrada: port. (Miguel Ángel Ladero Quesada) solapa (catedrático de Historia Medieval en la Universidad Complutense de Madrid, numerario de la Real Academia de la Historia)
856 4# - LOCALIZACIÓN Y ACCESO ELECTRÓNICOS
- Identificador Uniforme de Recursos: http://dialnet.unirioja.es/servlet/autorExterno/BNE/1723407
